The Resurgam submarine : 'a project for annoying the enemy' /

The Resurgam is one of the earliest 'working' submarines, designed by Victorian engineer George William Garrett. This text describes how the Resurgam was built, how she may have worked and what happened to her.

محفوظ في:

المؤلف الرئيسي: Holt, Peter (Engineer) (مؤلف)

التنسيق: كتاب الكتروني

اللغة: English

منشور في: Oxford : Archaeopress Publishing Ltd, [2017]

سلاسل: Archaeopress archaeology.

الموضوعات:

الوصول للمادة أونلاين: Login to view Source

الوسوم: إضافة وسم

لا توجد وسوم, كن أول من يضع وسما على هذه التسجيلة!

رقم الطلب: VM365

LEADER 01887nam a2200433 i 4500
001 EDZ0001703126
003 StDuBDS
005 20230412181937.0
006 m|||||o||d||||||||
007 cr |||||||||||
008 170404t20172017enka fob 000|0|eng|d
020 |a 9781784915834 (ebook) :  |c No price 
040 |a StDuBDS  |b eng  |c StDuBDS  |e rda  |e pn 
050 4 |a VM365 
082 0 4 |a 623.8257094109034  |2 23 
100 1 |a Holt, Peter  |c (Engineer),  |e author. 
245 1 4 |a The Resurgam submarine :  |b 'a project for annoying the enemy' /  |c Peter Holt. 
264 1 |a Oxford :  |b Archaeopress Publishing Ltd,  |c [2017] 
264 4 |c ©2017 
300 |a 1 online resource :  |b illustrations (black and white, and colour). 
336 |a text  |2 rdacontent 
336 |a still image  |2 rdacontent 
337 |a computer  |2 rdamedia 
338 |a online resource  |2 rdacarrier 
490 1 |a Archaeopress archaeology 
500 |a Previously issued in print: 2017. 
504 |a Includes bibliographical references. 
520 8 |a The Resurgam is one of the earliest 'working' submarines, designed by Victorian engineer George William Garrett. This text describes how the Resurgam was built, how she may have worked and what happened to her. 
521 |a Specialized. 
588 |a Description based on online resource; title from home page (viewed on June 28 2017). 
650 0 |a Submarines (Ships)  |z Great Britain  |x History  |y 19th century. 
650 0 |a Submarines (Ships)  |x Design and construction  |x History  |y 19th century. 
600 1 0 |a Garrett, George William. 
776 0 8 |i Print version :  |z 9781784915827 
830 0 |a Archaeopress archaeology. 
856 4 0 |3 Archaeopress  |u http://library.arce.org:8087/Archaeopress/Products/9781784915827 
942 |2 lcc  |c EBOOK 
952 |0 0  |1 0  |4 0  |6 VM0365  |7 1  |9 46264  |a ARCH  |b ARCH  |d 2023-04-12  |l 0  |o VM365  |r 2023-04-12 00:00:00  |w 2023-04-12  |y EBOOK 
999 |c 51922  |d 51922